00963nam a22003017a 4500003000500000005001700005008004100022010001000063011001000073035001000083040000900093082001600102100003000118245002600148260003700174300002000211590004100231590004100272590004100313590004200354650003400396700002600430901000700456942001000463949005400473999001700527952011700544CHAP20220329134120.0971013s1946 r 00010 d a15618 a16590 a20672 cCHAP a635.64bH5500aHills, Lawrence D.955462 aRapid tomato ripening aLondon :bFaber and Faber,c1946 a143 p.b: ilus. aBATCH-UPDb10c20130110lUCH01h2049 aBATCH-UPDb10c20130410lUCH01h1402 aBATCH-UPDb10c20130914lUCH01h1603 aCONVERSIONb10c20130109lUCH01h131014aTomatexMaduración.91137350 aHaywood, E. H.953221 aBK cLIBRO a635.64 H55bBCcBPAd-48228eBPAh24098i20672si c15618d15618 01104053708MDaBCbBCd2019-12-31fLIBROi127l0o635.64 H55p-48228r2019-12-31 00:00:00w2019-12-31yLIBRO